| 000 | 01954nam a2200337 a 4500 | ||
|---|---|---|---|
| 001 | 000024895 | ||
| 005 | 20250226101152.0 | ||
| 008 | 100712s1997 ag a 000 | spa d | ||
| 020 | _z98796446 | ||
| 040 |
_aDO-SdBNP _bspa _cBNPHU |
||
| 082 |
_a574.5268 _bG215b |
||
| 245 | 0 | 0 |
_aGuía práctica de ecología urbana / _cAntonio Elio Brailovsky; ... [et al.] ; prólogo Gustavo Beliz. |
| 260 |
_a[Argentina] : _bCentro de Investigaciones Ambientales, _c1997. |
||
| 300 |
_a254 p. : _bil. ; _c21 cm. |
||
| 505 | 0 |
_tPrólogo _tEcología urbana depende de nosotros / _rFederico José Caeiro _tAlgunas reflexiones _tEl agua: algo más que H2O / _rMaría c. Zeballos de Sisto _tCuidar el aire, cuidar nuestra vida / _rElita Rosales _tLos residuos urbanos / _rMariana Salaberry _tEspacios verdes / _rElita Rosales _tContaminación visual / _rSilvina García Conto _tRuidosa Buenos Aires / _rLeopoldo Navarro _tFauna urbana / _rFederico José Caeiro _tModificaciones hábitos de consumo / _rFederico José Caeiro _tDerrochando energías / _rFrancisco José Pestnha _tUn cuento: cómo explicar lo inexplicable / _rMaría c. Zeballos de Sisto _tUna constitución ecológica / _rAntonio Elio Brailovsky _tConstitución de la ciudad de Buenos Aires / _tTeléfonos y direcciones útiles Bibliografías Los autores / _tBibliografías _tLos autores |
|
| 650 | 0 |
_aEcología urbana (Sociología) _951100 |
|
| 650 | 0 |
_aUrbanismo _951101 |
|
| 650 | 4 |
_aSostenibilidad urbana _951102 |
|
| 650 | 4 |
_aPlanificación urbana _951103 |
|
| 700 | 1 |
_aBrailovsky, Antonio Elio _951104 |
|
| 700 | 1 |
_aAnaya, Benjamín _eil. _951105 |
|
| 700 | 1 |
_aSalaberry, Mariana _951106 |
|
| 700 | 1 |
_aGarcía Conto, Silvina _951107 |
|
| 700 | 1 |
_aPestnha , Francisco José _951108 |
|
| 700 | 1 |
_aCaeiro, Federico José _951109 |
|
| 700 | 1 |
_aNavarro, Leopoldo _951110 |
|
| 700 | 1 |
_aRosales, Elita _951111 |
|
| 700 | 1 |
_aZeballos de Sisto , María c. _951112 |
|
| 710 | 2 |
_aFundación Nueva Dirigencia _951113 |
|
| 049 | _aBNGR | ||
| 999 |
_c24388 _d24388 |
||